<?xml version="1.0" encoding="UTF-8"?>
<record
    xmlns:xsi="http://www.w3.org/2001/XMLSchema-instance"
    xsi:schemaLocation="http://www.loc.gov/MARC21/slim http://www.loc.gov/standards/marcxml/schema/MARC21slim.xsd"
    xmlns="http://www.loc.gov/MARC21/slim">

  <leader>02870njm a2200433Ia 4500</leader>
  <controlfield tag="001">82909</controlfield>
  <controlfield tag="003">IT-RoPAU</controlfield>
  <controlfield tag="005">20220918181214.0</controlfield>
  <controlfield tag="008">131025s9999    xx            000 0 und d</controlfield>
  <datafield tag="040" ind1=" " ind2=" ">
    <subfield code="a">IT-RoPAU</subfield>
  </datafield>
  <datafield tag="040" ind1=" " ind2=" ">
    <subfield code="c">IT-RoPAU</subfield>
  </datafield>
  <datafield tag="041" ind1=" " ind2=" ">
    <subfield code="a">ITALIANO</subfield>
  </datafield>
  <datafield tag="999" ind1=" " ind2=" ">
    <subfield code="c">103819</subfield>
    <subfield code="d">103819</subfield>
  </datafield>
  <datafield tag="999" ind1=" " ind2=" ">
    <subfield code="b">n.d.</subfield>
  </datafield>
  <datafield tag="100" ind1=" " ind2=" ">
    <subfield code="a">AA.VV.</subfield>
    <subfield code="9">794</subfield>
  </datafield>
  <datafield tag="100" ind1=" " ind2=" ">
    <subfield code="e">Autore musica</subfield>
    <subfield code="9">26174</subfield>
  </datafield>
  <datafield tag="100" ind1=" " ind2=" ">
    <subfield code="g">Codice autore musica SPICS: 12000</subfield>
    <subfield code="9">796</subfield>
  </datafield>
  <datafield tag="245" ind1=" " ind2=" ">
    <subfield code="a">Puer natus-Concerto di Natale</subfield>
  </datafield>
  <datafield tag="250" ind1=" " ind2=" ">
    <subfield code="a">1a ed.</subfield>
  </datafield>
  <datafield tag="260" ind1=" " ind2=" ">
    <subfield code="a">ROMA</subfield>
  </datafield>
  <datafield tag="260" ind1=" " ind2=" ">
    <subfield code="b">EP - MUSICALI E DISCOGRAFICHE</subfield>
    <subfield code="c">1989 [1a Ed.:1989 - Ed. Lingua Orig.: 1989]</subfield>
  </datafield>
  <datafield tag="300" ind1=" " ind2=" ">
    <subfield code="a">MUSICASSETTA</subfield>
  </datafield>
  <datafield tag="300" ind1=" " ind2=" ">
    <subfield code="c">108 minuti (Testo: 0 pag.)</subfield>
  </datafield>
  <datafield tag="500" ind1=" " ind2=" ">
    <subfield code="a">Musica strumentale</subfield>
  </datafield>
  <datafield tag="505" ind1=" " ind2=" ">
    <subfield code="a">Stille Nacht (5:00) - Piva all'antica (4:00) - Puer natus (4:00) - Pastorale per tromba (4:00) - Campane di Natale (5:00) - Benedictus, da harmonie messe (5:00) - Puer natus est nobis (5:00) - Lieti pastori (6:00) - Benedictus, da Nelson Messe (7:00) - Quem vidistis, pastores (6:00) - Fermarono i cieli (4:00) - Splendida stella (3:00) - Rorate coeli (4:00) - Resonet in laudibus (4:00) - Cantiamo tutti cantiamo (3:00) - Pastorale in fa (5:00) - Liebster Jesus (2:00) - Adorabunt nationes (7:00) - Antica lauda di Natale (6:00) - Dormi e sogna (4:00) - Sinfonia di Natale (15:00)</subfield>
  </datafield>
  <datafield tag="511" ind1=" " ind2=" ">
    <subfield code="a">Coro e Orchestra Cappella Musicale Santa Maria dei Servi-Bologna diretti da Pellegrino Santucci</subfield>
  </datafield>
  <datafield tag="650" ind1=" " ind2=" ">
    <subfield code="a">STRUMENTALE [CASSETTE]</subfield>
    <subfield code="e">Codice MATERIA SPICS: 9951</subfield>
    <subfield code="9">1218</subfield>
  </datafield>
  <datafield tag="700" ind1=" " ind2=" ">
    <subfield code="a">Gruber Franz</subfield>
    <subfield code="d">Codice autore musica SPICS: 10935</subfield>
    <subfield code="e">Autore musica</subfield>
    <subfield code="p">Stille Nacht</subfield>
    <subfield code="9">26175</subfield>
  </datafield>
  <datafield tag="700" ind1=" " ind2=" ">
    <subfield code="a">Bossi M.E.</subfield>
    <subfield code="d">Codice autore musica SPICS: 28890</subfield>
    <subfield code="e">Autore musica</subfield>
    <subfield code="p">Piva all'antica</subfield>
    <subfield code="9">26176</subfield>
  </datafield>
  <datafield tag="700" ind1=" " ind2=" ">
    <subfield code="a">Santucci P.</subfield>
    <subfield code="d">Codice autore musica SPICS: 28891</subfield>
    <subfield code="e">Autore musica</subfield>
    <subfield code="p">Puer natus - Pastorale per tromba - Campane di Natale - Lieti pastori - Quem vidistis, pastores - Cantiamo tutti cantiamo - Pastorale in fa - Liebster Jesus - Dormi e sogna</subfield>
    <subfield code="9">26177</subfield>
  </datafield>
  <datafield tag="700" ind1=" " ind2=" ">
    <subfield code="a">Haydn Franz Joseph</subfield>
    <subfield code="d">Codice autore musica SPICS: 5572</subfield>
    <subfield code="e">Autore musica</subfield>
    <subfield code="p">Benedictus, da harmonie messe - Benedictus, da Nelson Messe</subfield>
    <subfield code="9">26178</subfield>
  </datafield>
  <datafield tag="700" ind1=" " ind2=" ">
    <subfield code="a">Anonimo</subfield>
    <subfield code="d">Codice autore musica SPICS: 2620</subfield>
    <subfield code="e">Autore musica</subfield>
    <subfield code="p">Puer natus est nobis - Rorate coeli</subfield>
    <subfield code="9">26179</subfield>
  </datafield>
  <datafield tag="700" ind1=" " ind2=" ">
    <subfield code="a">Sant'Alfonso</subfield>
    <subfield code="d">Codice autore musica SPICS: 23101</subfield>
    <subfield code="e">Autore musica</subfield>
    <subfield code="p">Fermarono i cieli</subfield>
    <subfield code="9">26180</subfield>
  </datafield>
  <datafield tag="700" ind1=" " ind2=" ">
    <subfield code="a">Bach Johann Sebastian</subfield>
    <subfield code="d">Codice autore musica SPICS: 9695</subfield>
    <subfield code="e">Autore musica</subfield>
    <subfield code="p">Splendida stella</subfield>
    <subfield code="9">26181</subfield>
  </datafield>
  <datafield tag="700" ind1=" " ind2=" ">
    <subfield code="a">Schubiger A.</subfield>
    <subfield code="d">Codice autore musica SPICS: 28892</subfield>
    <subfield code="e">Autore musica</subfield>
    <subfield code="p">Resonet in laudibus</subfield>
    <subfield code="9">26182</subfield>
  </datafield>
  <datafield tag="700" ind1=" " ind2=" ">
    <subfield code="a">Himmel F.H.</subfield>
    <subfield code="d">Codice autore musica SPICS: 16496</subfield>
    <subfield code="e">Autore musica</subfield>
    <subfield code="p">Adorabunt nationes</subfield>
    <subfield code="9">26183</subfield>
  </datafield>
  <datafield tag="700" ind1=" " ind2=" ">
    <subfield code="a">Balilla Pratella F.</subfield>
    <subfield code="d">Codice autore musica SPICS: 16132</subfield>
    <subfield code="e">Autore musica</subfield>
    <subfield code="p">Antica lauda di Natale</subfield>
    <subfield code="9">26184</subfield>
  </datafield>
  <datafield tag="700" ind1=" " ind2=" ">
    <subfield code="a">Valentini G.</subfield>
    <subfield code="d">Codice autore musica SPICS: 28893</subfield>
    <subfield code="e">Autore musica</subfield>
    <subfield code="p">Sinfonia di Natale</subfield>
    <subfield code="9">26185</subfield>
  </datafield>
  <datafield tag="942" ind1=" " ind2=" ">
    <subfield code="c">MC</subfield>
    <subfield code="2">ddc</subfield>
  </datafield>
  <datafield tag="952" ind1=" " ind2=" ">
    <subfield code="0">0</subfield>
    <subfield code="1">0</subfield>
    <subfield code="4">0</subfield>
    <subfield code="6">82909_000000000000000</subfield>
    <subfield code="7">1</subfield>
    <subfield code="a">SPICS</subfield>
    <subfield code="b">SPICS</subfield>
    <subfield code="d">2013-10-25</subfield>
    <subfield code="l">0</subfield>
    <subfield code="o">82909</subfield>
    <subfield code="r">2013-10-25 00:00:00</subfield>
    <subfield code="w">2013-10-25</subfield>
    <subfield code="y">MC</subfield>
    <subfield code="z">Progr. Ins.: 20955 / N.Vol.: 2 / Copie: 1 - Copia rara: n.d. / date import: 01.01.2014 - By Epidotti, Trombetti, Vaglietti</subfield>
  </datafield>
</record>
